| 000 | 00406pam a2200157 a 4500 | ||
|---|---|---|---|
| 020 | _c | ||
| 041 | _aeng | ||
| 082 |
_a671 _bLAS/LAS |
||
| 100 | _aLashko N. | ||
| 245 |
_aBrazing and Soldering of Metals _hDonate Books |
||
| 260 |
_aMoscow: _bMIR Publishers., _c1979. |
||
| 300 |
_a344: _bp.b.; _c22*14. |
||
| 653 | _aMetalworking & primary metal products | ||
| 700 |
_aLashko S., _eauthor. |
||
| 930 | _a15566 | ||
| 999 |
_c58787 _d58787 |
||